Library Banner

Research and practice in physical education (Record no. 56091)

MARC details
000 -LEADER
fixed length control field 00629nam a2200217Ia 4500
001 - CONTROL NUMBER
control field 58829
008 - FIXED-LENGTH DATA ELEMENTS--GENERAL INFORMATION
fixed length control field 140507s9999 xx 000 0 und d
020 ## - INTERNATIONAL STANDARD BOOK NUMBER
International Standard Book Number 9780415698658
040 ## - CATALOGING SOURCE
Transcribing agency PK-LaUMT
082 ## - DEWEY DECIMAL CLASSIFICATION NUMBER
Classification number 613.71072
Item number RES-
100 ## - MAIN ENTRY--PERSONAL NAME
Personal name Tannehill, Deborah
245 ## - TITLE STATEMENT
Title Research and practice in physical education
Statement of responsibility, etc Tannehill, Deborah<>MacPhail, Ann<>Halbert, Ger<>Murphy, Frances
260 ## - PUBLICATION, DISTRIBUTION, ETC. (IMPRINT)
Place of publication, distribution, etc London,UK:
Name of publisher, distributor, etc Routledge,
Date of publication, distribution, etc 2013
300 ## - PHYSICAL DESCRIPTION
Extent 207 p.
546 ## - LANGUAGE NOTE
Language note EN
650 ## - SUBJECT ADDED ENTRY--TOPICAL TERM
Topical term or geographic name as entry element Physical education and training-Research
700 ## - ADDED ENTRY--PERSONAL NAME
Personal name Halbert, Ger
700 ## - ADDED ENTRY--PERSONAL NAME
Personal name MacPhail, Ann
700 ## - ADDED ENTRY--PERSONAL NAME
Personal name Murphy, Frances
942 ## - ADDED ENTRY ELEMENTS (KOHA)
Koha item type Books
Holdings
Withdrawn status Lost status Damaged status Not for loan Home library Current library Date acquired Total Checkouts Full call number Barcode Date last seen Price effective from Koha item type
        UMT Main Campus UMT Main Campus 2014-05-07   613.71072 RES- 76909 2014-05-08 2014-05-08 Books